000 00367 a2200121 4500
001 ART_12689
005 20260410161908.0
008 260409a
245 1 0 _aU.S. and Japanese economic growth, 1952-1974
100 1 _aJorgenson, Dale W.
700 1 _aNishimizu, Mieko
773 0 _tThe Economic Journal
_g- Vol. 88, NÂș 352 (dic. 1978)
_wREV12512
999 _c26582
_d26582